000
00301nam a2200133Ia 4500
008
231017s9999 xx 000 0 und d
082
_a
633.10
082
_b
VAC
245
0
_a
Identity preserved grain
245
0
_c
Kimberlay vachal
260
_b
Kimberlay vachal
300
_c
30cm
942
_c
REP
999
_c
606586
_d
606586